000 00829nam a2200277 4500
001 177865
003 ES-MaACL
005 20250804052223.0
008 110503s2009 sp ao |||| | spa d
017 _aM-30.017-2009
020 _a9788497429160
080 _a128
245 0 0 _aSobre la muerte /
_cManuel Ballester y Enrique Ujaldón (eds.).
260 _aMadrid :
_bBiblioteca Nueva,
_c[2009]
300 _a271 p. :
_bil., fot. ;
_c23 cm.
490 1 _aEnsayo ;
_v35
650 7 _aMuerte
_2embne
_915241
700 1 _aBallester Hernández, Manuel.
_9146350
700 1 _aUjaldón, Enrique.
_9111910
830 0 _aEnsayo ;
_v35
_9177699
852 _aES-MaACL
_9R.145529
_jA-11127
_dOlim:N-4132
_cDEPO1
903 _ednr
942 _2udc
_cMONOGRAFIA
999 _c177865
_d177865